Comportamiento político y electoral

Сохранить в:
Библиографические подробности
Главный автор: Castillo, Pilar del
Формат: Текст
Опубликовано: Madrid: Centro de Investigaciones Sociológicas
Предметы:
Метки: Добавить метку
Нет меток, Требуется 1-ая метка записи!

MARC

LEADER 00000 a a2200000 04500
001 33447
003
040
090 |a 0002 D345c  
100 |a Castillo, Pilar del  
245 |a Comportamiento político y electoral  
260 |a Madrid:   |b Centro de Investigaciones Sociológicas  
300 |a 647 p.  
650 |a ACCION COLECTIVA  
650 |a TEORIA  
650 |a PARTICIPACION POLITICA  
999 |c 8626  |d 8626